Представление документа в формате RUSMARC

ПолеНазваниеЗначение
  Тип записи a
  Библиографический уровень m
001 Контрольный номер RU/SLIB/B/208741015
005 Дата корректировки 20260601152834.6
010 Индекс ISBN __
d Цена 1-10
101 Язык документа 0_
a Язык текста rus
200 Заглавие и сведения об ответственности 0_
a Заглавие Кибернетическая смесь: впечатления, находки, случаи, заметки, размышления, рассказанное и увиденное - разные поводы для разговора о кибернетике
b Общее обозначение материала Текст
205 Сведения об издании __
a Основные сведения об издании 3-е изд., перераб. и доп.
210 Выходные данные 1_
a Место издания М.
c Издательство Знание
d Дата издания 1982
215 Физическое описание __
a Объем 287 с.
606 Тематические рубрики __
a Основная рубрика Радиоэлектроника
606 Тематические рубрики __
a Основная рубрика Кибернетика
610 Ключевые слова 0_
a Ключевые слова занимательная кибернетика
686 Индексы других классификаций __
a Классификационный индекс 32.81; ст32.81
700 Автор _1
a Фамилия Пекелис
b Имя В. Д.
4 Код отношения 070
801 Источник записи _0
a Страна RU
b Организация Муниципальное бюджетное учреждение культуры "Централизованная библиотечная система" г. Сургут (Центральная городская библиотека им. А. С. Пушкина)
g Правила каталогизации КиК/Елгина
801 Источник записи _1
a Страна RU
b Организация Муниципальное бюджетное учреждение культуры "Централизованная библиотечная система" г. Сургут (Центральная городская библиотека им. А. С. Пушкина)
g Правила каталогизации КиК/Елгина
852 Данные о местонахождении __
j Шифр хранения 32.81
c Каталожный индекс 32.81
i Авторский знак П 24
p Инвентарный номер 12033
901 Тип документа __
t Тип документа m
990 Данные о заказе (DOS) __
j Количество экземпляров (DOS) 1
t N записи в КСУ для И/У (DOS) 199101